ՀՀ Գիտությունների ազգային ակադեմիայի հիմնարար գիտական գրադարան  =   Fundamental Scientific Library of NAS RA
Normal view MARC view

Entry Personal Name

Number of records used in: 53

001 - CONTROL NUMBER

  • control field: 2541

003 - CONTROL NUMBER IDENTIFIER

  • control field: AM-YEHGA

005 - DATE AND TIME OF LATEST TRANSACTION

  • control field: 20250617070437.0

008 - FIXED-LENGTH DATA ELEMENTS

  • fixed length control field: 051217 a|ac|n|aab||||||||||||a |n|||||||

040 ## - CATALOGING SOURCE

  • Original cataloging agency: AM-YEHGA

100 1# - HEADING--PERSONAL NAME

  • Personal name: Բորյան, Գուրգեն Միքայելի,
  • Dates associated with a name: 1915-1971

400 1# - SEE FROM TRACING--PERSONAL NAME

  • Personal name: Բորյան, Գուրգեն,
  • Dates associated with a name: 1915-1971

400 1# - SEE FROM TRACING--PERSONAL NAME

  • Personal name: Բորյան, Գ.Մ.
  • Fuller form of name: (Գուրգեն Միքայելի),
  • Dates associated with a name: 1915-1971

400 1# - SEE FROM TRACING--PERSONAL NAME

  • Personal name: Բորյան, Գ.
  • Fuller form of name: (Գուրգեն),
  • Dates associated with a name: 1915-1971

400 1# - SEE FROM TRACING--PERSONAL NAME

  • Control subfield: a
  • Personal name: Հովհաննիսյան, Գուրգեն Միքայելի,
  • Dates associated with a name: 1915-1971

400 1# - SEE FROM TRACING--PERSONAL NAME

  • Personal name: Борян, Гурген Микаелович,
  • Dates associated with a name: 1915-1971

400 1# - SEE FROM TRACING--PERSONAL NAME

  • Personal name: Борян, Гурген Михайлович,
  • Dates associated with a name: 1915-1971

400 1# - SEE FROM TRACING--PERSONAL NAME

  • Personal name: Борьян, Гурген Михайлович,
  • Dates associated with a name: 1915-1971

400 1# - SEE FROM TRACING--PERSONAL NAME

  • Personal name: Борьян, Гурген,
  • Dates associated with a name: 1915-1971

400 1# - SEE FROM TRACING--PERSONAL NAME

  • Personal name: Борьян, Г.
  • Fuller form of name: (Гурген),
  • Dates associated with a name: 1915-1971

400 1# - SEE FROM TRACING--PERSONAL NAME

  • Personal name: Борян, Гурген,
  • Dates associated with a name: 1915-1971

400 1# - SEE FROM TRACING--PERSONAL NAME

  • Personal name: Борян, Г.М.
  • Fuller form of name: (Гурген Михайлович),
  • Dates associated with a name: 1915-1971

400 1# - SEE FROM TRACING--PERSONAL NAME

  • Personal name: Борян, Г.
  • Fuller form of name: (Гурген),
  • Dates associated with a name: 1915-1971

400 1# - SEE FROM TRACING--PERSONAL NAME

  • Personal name: Boryan, Gurgen Mikaeli,
  • Dates associated with a name: 1915-1971

670 ## - SOURCE DATA FOUND

  • Source citation: Խաչատրյան Հ.Հ. Գրական տեղեկատու, 1986 :
  • Information found: էջ 107 (Գուրգեն Միքայելի Բորյան (20.6.1915, Շուշի - 15.4.1971, Երևան), բանաստեղծ, դրամատուրգ, թարգմանիչ, ՀՍՍՀ պետ. մրց. դափնեկիր («Սարոյան եղբայրներ» կինոնկ. սցեն. համար, 1970), ՀՍՍՀ կուզտ. վաստ. գործիչ (1971), ՍՍՀՄ գրող. միութ. անդամ 1936-ից)

670 ## - SOURCE DATA FOUND

  • Source citation: Հովակիմյան Բ.Մ. Հայոց ծածկանունների բառարան, 2005 :
  • Information found: էջ 646 (Հովհաննիսյան Գուրգեն Միքայելի - գրող։ Ծածկ.՝ Բ.; Բորյան, Գուրգեն; Գ.Բ.; Борян, Гурген)

670 ## - SOURCE DATA FOUND

  • Source citation: Բարձունքներում : Հերոսական դրամա, 4 գործ. 9 պատկերով, 1949 :
  • Information found: տիտղթ. (Գ. Բորյան)

670 ## - SOURCE DATA FOUND

  • Source citation: Родная земля : Стихотворения, 1975 :
  • Information found: т.л. (Г.М. Борян); конц. (Борян Гурген Михайлович)

670 ## - SOURCE DATA FOUND

  • Source citation: Я, ты, он :Детские стихи :Пер. с арм. , 1952 :
  • Information found: т.л. (Г. Борян)

670 ## - SOURCE DATA FOUND

  • Source citation: Советская армянская литература : Сборник поэзии и прозы, 1953 :
  • Information found: т.л. (Под ред. А. Исаакяна, Г. Борьяна); конц. ()


ՀՀ ԳԱԱ հիմնարար գիտական գրադարան
ՀՀ,Երևան 0019
Մարշալ Բաղրամյան 24/6
հեռախոս:(374-10) 52-47-50
Հետադարձ կապ

All site content, except where otherwise noted, is licensed under a
Creative Commons License